Cases and materials on the law of natural resources /

Bibliographic Details
Main Author: Martz, Clyde O.
Format: Book
Language:English
Published: New York : Arno Press, 1979.
Series:Development of public land law in the United States.
Subjects:

MARC

Tag First Indicator Second Indicator Subfields
LEADER 00000pam a2200000 i 4500
001 in00000042925
005 20151007064931.0
008 780710r19791951nyu 00010 eng
010 |a  78053553  
020 |a 040511379X 
035 |a (OCoLC)04136204 
035 |9 AAE0917AM 
040 |a DLC  |c DLC  |d TXA  |d UtOrBLW 
043 |a n-us--- 
049 |a TXAM  |c [1160174] 
050 1 0 |a KF5505.A7  |b M3 1979 
082 0 |a 346/.73/046 
100 1 |a Martz, Clyde O. 
245 1 0 |a Cases and materials on the law of natural resources /  |c Clyde O. Martz. 
264 1 |a New York :  |b Arno Press,  |c 1979. 
300 |a xxvi, 1124 pages ;  |c 24 cm. 
336 |a text  |b txt  |2 rdacontent 
337 |a unmediated  |b n  |2 rdamedia 
338 |a volume  |b nc  |2 rdacarrier 
490 1 |a The Development of public land law in the United States 
500 |a Reprint of the 1951 edition published by West Pub. Co., St. Paul. 
650 0 |a Natural resources  |x Law and legislation  |z United States  |v Cases. 
830 0 |a Development of public land law in the United States. 
999 |a MARS 
999 f f |s 4271898e-f694-3a88-bbbc-b7d0870f824a  |i 08517d44-0c56-38c7-bae0-76ef06a46f3e  |t 0 
952 f f |p ric  |a Texas A&M University  |b Rellis Campus  |c Joint Library Facility  |d Remote Storage  |t 0  |e KF5505.A7 M3 1979  |h Library of Congress classification  |i unmediated -- volume  |m A14803188202 
998 f f |a KF5505.A7 M3 1979  |t 0  |l Remote Storage